=LDR 00000nam 2200000 4500 =001 INLIS000000000048125 =005 20160519131713.0 =006 =007 =008 =035 ##$$0010-051600000000030 =082 ##$$a 631.4 =084 ##$$a 631.4 $b Sun m.4 =100 ##$$a Ir. Sunggono kh =245 ##$$a Mekanika Tanah =260 ##$$a Nova =300 ##$$a 1, 272 hlm .; $b ilus .: $c 21 cm =990 ##$$a 0001/BPAP-NTB/2016 =990 ##$$a 21602551/BPAP-NTB/2017